| 000 | 00358nam a22001337a 4500 | ||
|---|---|---|---|
| 082 |
_a347.549101 _bAKH |
||
| 100 | _aAkhtar, Ifraz | ||
| 245 |
_aManual of Civil Courts Laws / _cIfraz Akhtar |
||
| 260 |
_aLahore : _bCapital Law Publishers, _c2021. |
||
| 300 | _a304 p. | ||
| 563 | _aHB. | ||
| 650 |
_aLaw, Civil Courts Laws _9128113 |
||
| 942 |
_2ddc _cBK |
||
| 999 |
_c613137 _d613137 |
||